000 00339nam a2200133 i 4500
001 bg
100 1 _aMAKSYMOWICZ, Alfred
245 0 _aPrzeczytaj i pomyśl przed wyborem studiów technicznych /
_cA. Maksymowicz.
260 _aWarszawa,
_c1981.
040 _cBPK
041 _apol
942 _cKS
008 s pl f |000 0 pol
999 _c864
_d864
856 _uhttp://koha.tu.koszalin.pl/cgi-bin/koha/opac-detail.pl?biblionumber=864
_yKatalog online BPK